2021-22 PGA Tour Winners - Statistics

General Stats
  • This quiz has been taken 156 times
    111 since last reset
  • The average score is 23 of 48
Answer Stats
Hint Answer % Correct
PGA Championship Justin Thomas
96%
RBC Heritage Jordan Spieth
93%
CJ Cup Rory McIlroy
86%
RBC Canadian Open Rory McIlroy
86%
Tour Championship Rory McIlroy
86%
Waste Management Open Scottie Scheffler
86%
Arnold Palmer Invitational Scottie Scheffler
86%
WGC-Dell Tech. Match Play Scottie Scheffler
86%
The Masters Championship Scottie Scheffler
86%
Mexico Open Jon Rahm
85%
Tournament of Champions Cameron Smith
78%
The Players Championship Cameron Smith
78%
The Open Cameron Smith
78%
Fortinet Championship Max Homa
73%
Wells Fargo Championship Max Homa
73%
US Open Matt Fitzpatrick
72%
Zurich Classic Patrick Cantlay
70%
ZOZO Championship Hideki Matsuyama
64%
Sony Open in Hawaii Hideki Matsuyama
64%
Xander Schauffele
57%
Travelers Championship Xander Schauffele
57%
Genesis Scottish Open Xander Schauffele
57%
World Wife Tech. Champ. Viktor Hovland
46%
Sanderson Farms Champ. Sam Burns
43%
Valspar Championship Sam Burns
43%
Charles Schwab Challenge Sam Burns
43%
Genesis Invitational Joaquin Niemann
42%
The Memorial Tournament Billy Horschel
32%
The Honda Classic Sepp Straka
32%
ATT&T Pebble Beach Tom Hoge
31%
3M Open Tony Finau
31%
Rocket Mortgage Classic Tony Finau
31%
AT&T Byron Nelson KH Lee
30%
St. Jude Championship Will Zalatoris
26%
Farmers Insurance Open Luke List
24%
John Deere Classic JT Poston
23%
Valero Texas Open JJ Spaun
19%
RSM Classic Taylor Gooch
19%
Shriner's Children Champ. Im Sung-jae
18%
Houston Open Jason Kokrak
16%
Bermuda Championship Lucas Herbert
15%
BMW Championship Patrick Cantlay
14%
The American Express Hudson Swafford
11%
Wyndham Championship Kim Joo-hyung
9%
Puerto Rico Open Ryan Brehm
9%
Barbasol Championship Trey Mullinax
8%
Puntacana Championship Chad Ramey
7%
Barracuda Championship Chez Reavie
7%
No matching quizzes found
Score Distribution
Percent of People with Each Score
Percentile by Number Answered
Your Score History
You have not taken this quiz since the last reset